00731nam a2200157Ia 4500008004100000024006400041082002200105100008600127245003800213260002500251600002700276650003300303856010700336952011300443999001700556250506s9999 xx 000 0 und d a10B-01-EE, 10B-07-EE, 10B-27-EE, 10B-49-EE & 10B-110-EE a621.312136072 MAH aMaheen Manzoor, Rohail Imtiaz, Ahmed Shahid Hamid, Muhammad Junaid & Danish Iqbal 0aVertical Axis Wind Turbine (VAWT) aKarachi:bUIT,c2010 aElectronic Engineering aBachelor of Engineering (BE) uhttps://drive.google.com/file/d/15WS8zFO4goEnDnwH-VSDPMD4IU6dD60k/view?usp=sharingyClick Here for PDF 001040708PR-EEaUITUbUITUd2022-07-26l0o621.312136072 MAHpEE-257r2025-05-06 11:34:14w2025-05-06yPR c28008d28008